20 settembre 1870 ...e quindi uscimmo a riveder le stelle /

Сохранить в:
Библиографические подробности
Главный автор: Marchetti, Maurizio, (1953- )
Формат:
Язык:итальянский
Опубликовано: Roma : Libreria Croce, 2002
Серии:OffSide
Предметы:
Метки: Добавить метку
Нет меток, Требуется 1-ая метка записи!

MARC

LEADER 00000nam a22000007i 4500
001 IT\ICCU\NAP\0322155
003 ItRI
005 20250902110612.0
008 041220s2002 it |||||| ||||| |||||c
040 |b ita  |c ct 
041 7 |a ita  |2 ISO-639-2 
100 1 |a Marchetti, Maurizio,  |d  (1953- )  |0 IT\ICCU\RAVV\577351 
245 1 0 |a 20 settembre 1870 ...e quindi uscimmo a riveder le stelle /  |c [Maurizio Marchetti]. 
260 |a Roma :  |b Libreria Croce,  |c 2002 
300 |a 117 p. :  |b ill. ;  |c 21 cm 
500 |a Il nome dell'autore si ricava dalla copertina 
650 7 |a Stato della Chiesa  |x Storia  |x 1775-1870  |2 nsbncf 
830 0 |a OffSide  |0 IT\ICCU\RMS\0086921 
942 |2 ddc  |c BK 
952 |0 0  |1 0  |2 ddc  |4 0  |7 0  |9 7288  |a MI  |b MI  |d 2010-02-03  |i 5805  |l 0  |p CDOM5805  |r 2025-07-13 16:28:00  |w 2025-07-13  |x ACQUISTO  |y BK 
981 1 |6 z01  |a i   |b xxxe  
982 1 |6 z01  |a n 
999 |c 5995  |d 5995